| 000 | 00596cam a2200229ua 4500 | ||
|---|---|---|---|
| 001 | 30 | ||
| 005 | 20260515113121.0 | ||
| 008 | 190725n ii |||gr||||Z||||||eng | ||
| 020 | _a81-7663-064-0 | ||
| 040 | _cMAIN | ||
| 041 | _aeng | ||
| 082 | _a004 | ||
| 100 |
_aMukherjee, R.N., _eAuthor. _eAuthor. _eAuthor. |
||
| 245 |
_aI.C.S.E Computer Science. _cBy R.N Mukherjee. |
||
| 250 | _a2nd. | ||
| 260 |
_aNew Delhi.: _bKalyani Publishers.,999. |
||
| 300 |
_a314 p.: _bill.;6 cm. |
||
| 653 | _aComputer Science. | ||
| 653 | _aI.C.S.E Computer. | ||
| 700 | 1 |
_aMukherjee, R.N., _eAuthor. |
|
| 942 | _cBK | ||
| 999 |
_c24 _d24 |
||